000 00317nam a2200133Ia 4500
008 231129s1968||||xx |||||||||||||| ||spa||
040 _bspa
082 _a323.40973 K29L
100 _aKelly F.K.
245 0 _aLa libertad y sus garantias
260 _c1968
264 _aCompania General Fabril
942 _2ddc
_cBKS
999 _c17484
_d17484